AH International Schools' Libraries

The Blue Jackal / (Record no. 49515)

MARC details
000 -LEADER
fixed length control field 00367nam a2200121 4500
020 ## - INTERNATIONAL STANDARD BOOK NUMBER
International Standard Book Number 9781844224708
100 ## - MAIN ENTRY--PERSONAL NAME
Personal name Ratna, Kalpish,
Relator term author.
9 (RLIN) 86665
245 ## - TITLE STATEMENT
Title The Blue Jackal /
Statement of responsibility, etc retelling by Kalpish Ratna, illustrated by Bindia Thapar.
260 ## - PUBLICATION, DISTRIBUTION, ETC. (IMPRINT)
Place of publication, distribution, etc London ;
Name of publisher, distributor, etc Ladybird books :
Date of publication, distribution, etc 2004.
490 ## - SERIES STATEMENT
Series statement Favourite Tales
650 ## - SUBJECT ADDED ENTRY--TOPICAL TERM
9 (RLIN) 85122
Topical term or geographic name as entry element Folktale
942 ## - ADDED ENTRY ELEMENTS (KOHA)
Source of classification or shelving scheme
Koha item type Book
Holdings
Withdrawn status Lost status Source of classification or shelving scheme Damaged status Not for loan Home library Current library Date acquired Full call number Barcode Date last seen Price effective from Koha item type Public note
          Logos International School Logos International School 09/04/2025 X RAT 042973 10/15/2025 09/04/2025 Book Basket 29

For any Logos Library related questions please contact Miss Art at swongnarasuk@asianhope.org.

For any Asian Hope Library related questions please contact Miss Raza at graza@asianhope.org.

Click here to explore our ebooks!

Powered by Koha